Repertorio anual de legislación nacional y extranjera / (Record no. 69699)
[ view plain ]
| 000 -LEADER | |
|---|---|
| fixed length control field | 00686cam a2200169 4500 |
| 008 - FIXED-LENGTH DATA ELEMENTS--GENERAL INFORMATION | |
| fixed length control field | 090224s1963 mx spa |
| 050 04 - LIBRARY OF CONGRESS CALL NUMBER | |
| Classification number | KGF2921 .Z95 [1961] |
| Item number | R47 1963 |
| 245 00 - TITLE STATEMENT | |
| Title | Repertorio anual de legislación nacional y extranjera / |
| Statement of responsibility, etc | Selec., ordenación y concordancias Javier Elola. |
| 260 ## - PUBLICATION, DISTRIBUTION, ETC. (IMPRINT) | |
| Place of publication, distribution, etc | México : |
| Name of publisher, distributor, etc | UNAM, Imprenta Universitaria, |
| Date of publication, distribution, etc | 1963 |
| 300 ## - PHYSICAL DESCRIPTION | |
| Extent | v. ; |
| Dimensions | 24 cm. |
| 650 #7 - SUBJECT ADDED ENTRY--TOPICAL TERM | |
| Topical term or geographic name as entry element | Derecho |
| General subdivision | Historia y crítica |
| Geographic subdivision | México |
| Form subdivision | Anuarios |
| Source of heading or term | Lemb |
| 650 #7 - SUBJECT ADDED ENTRY--TOPICAL TERM | |
| Topical term or geographic name as entry element | Derecho comparado |
| Geographic subdivision | México |
| Form subdivision | Anuarios |
| Source of heading or term | Lemb |
| 700 1# - ADDED ENTRY--PERSONAL NAME | |
| Personal name | Elola, Javier, selec. |
| 710 2# - ADDED ENTRY--CORPORATE NAME | |
| Corporate name or jurisdiction name as entry element | Universidad Nacional Autónoma de México. |
| Subordinate unit | Instituto de Derecho Comparado |
| 942 ## - ADDED ENTRY ELEMENTS (KOHA) | |
| Source of classification or shelving scheme | Biblioteca del Cogreso de los Estados Unidos |
| Koha item type | Libro |
| Estado de pérdida | Fuente de clasificación | Estado del daño | No para préstamo | Ubicación permanente | Ubicación actual | Apartado o colección | Fecha de adquisición | Edición | Dependencia de educación superior (DES) | Área del conocimiento | Clasificación | Código de Barras | Date last seen | Número de copia | Tipo de recurso | Total Checkouts | Costo por reposición |
|---|---|---|---|---|---|---|---|---|---|---|---|---|---|---|---|---|---|
| Biblioteca del Cogreso de los Estados Unidos | Biblioteca de la Facultad de Derecho y Ciencias Sociales "Felipe J. Tena" | Biblioteca de la Facultad de Derecho y Ciencias Sociales "Felipe J. Tena" | General | 15/12/2021 | 1a ed. | Derecho | Ciencias Sociales y Administrativas | KGF50 R47 1964 | BFD000000587 | 15/12/2021 | 1 | Libro | 1.00 | ||||
| Biblioteca del Cogreso de los Estados Unidos | Biblioteca del Instituto de Investigaciones Históricas | Biblioteca del Instituto de Investigaciones Históricas | General | 16/10/2018 | 1a ed. | Humanidades | Ciencias Sociales y Administrativas | KGF2921.Z95 [1981] R47 1963 V.4 | IIH 000003008 | 16/10/2018 | C:1 | Libro | |||||
| Biblioteca del Cogreso de los Estados Unidos | Biblioteca del Instituto de Investigaciones Históricas | Biblioteca del Instituto de Investigaciones Históricas | General | 16/10/2018 | 1a ed. | Humanidades | Ciencias Sociales y Administrativas | KGF2921.Z95 [1963] R47 1966 V.6 | IIH 000003007 | 16/10/2018 | C:1 | Libro |